Visualizzazione normale
Vista MARC
- OPERA [DISCHI]
di Topical Term
Records bibliografici associati: 81
001 - CONTROL NUMBER
- control field: 961
003 - CONTROL NUMBER IDENTIFIER
- control field: IT-RoPau
005 - DATE AND TIME OF LATEST TRANSACTION
- control field: 20131104223555.0
008 - FIXED-LENGTH DATA ELEMENTS
- fixed length control field: 131104|| aca||aabn | a|a d
040 ## - CATALOGING SOURCE
- Original cataloging agency: IT-RoPau
- Transcribing agency: IT-RoPau
150 ## - HEADING--TOPICAL TERM
- Topical term or geographic name entry element: OPERA [DISCHI]
- : Codice MATERIA SPICS: 9950
670 ## - SOURCE DATA FOUND
- Source citation: Work cat.: (IT-RoPau)101775: Cini Ruggero 958, Jacopone (Lp Dpsl 10608)